000
00244nam a2200109Ia 4500
008
190216s9999||||xx |||||||||||||| ||und||
100
_a
Looyi P Thorpe
245
0
_a
Vyakthithwam
260
_b
Bhasha Institute
650
_a
Padanam
942
_c
BK
999
_c
40409
_d
40409